Introduction abrégée à la géographie mathématique et à la connois sance du Globe céleste à l'usage des écoles publiques de l'Empire de Russie (Запись № 7920591)

Подробности
000 -МАРКЕР
контрольное поле 01398nam0a22003011 4500
001 - ИДЕНТИФИКАТОР ЗАПИСИ
контрольное поле RU\NLR\INFOCOMM_17\5000676157
005 - ИДЕНТИФИКАТОР ВЕРСИИ
контрольное поле 20250613101045.0
035 ## - ДРУГИЕ СИСТЕМНЫЕ НОМЕРА
Идентификатор записи (NLR Aleph) 009370748
100 ## - ДАННЫЕ ОБЩЕЙ ОБРАБОТКИ
Данные общей обработки 20101217d1790 |||y0rusy50 ca
101 1# - ЯЗЫК РЕСУРСА
Язык текста, звукозаписи и т.д. французский
102 ## - СТРАНА ПУБЛИКАЦИИ ИЛИ ПРОИЗВОДСТВА
Страна публикации Российская Федерация
105 ## - ПОЛЕ КОДИРОВАННЫХ ДАННЫХ: ТЕКСТОВЫЕ МАТЕРИАЛЫ, МОНОГРАФИЧЕСКИЕ
Кодированные данные о монографическом текстовом документе y ||||000|y
200 1# - ЗАГЛАВИЕ И СВЕДЕНИЯ ОБ ОТВЕТСТВЕННОСТИ
Основное заглавие Introduction abrégée à la géographie mathématique et à la connois sance du Globe céleste à l'usage des écoles publiques de l'Empire de Russie
Сведения, относящиеся к заглавию Traduit du russe
210 ## - ПУБЛИКАЦИЯ, РАСПРОСТРАНЕНИЕ И ДР.
Место издания, распространения и т.д. St. Pétersbourg
Имя издателя, распространителя и т. д. [De l'Imprimerie du Corps des cadets nobles]
Дата издания, распространения и т.д. 1790
215 ## - ФИЗИЧЕСКАЯ ХАРАКТЕРИСТИКА
Специфическое обозначение материала и объем [6], 85 с.
Размеры 20 см (8°)
300 ## - ОБЩИЕ ПРИМЕЧАНИЯ
Текст примечания Авт. и типография устновлены по изд.: Сводный каталог книг на иностранных языках, изданных в России в XVIII веке ... Л., 1985. Т. 2. С. 66
300 ## - ОБЩИЕ ПРИМЕЧАНИЯ
Текст примечания В конце предисл. пер.: Stanislas de Komar
316 ## - ПРИМЕЧАНИЯ ОБ ОСОБЕННОСТЯХ ЭКЗЕМПЛЯРА
Текст примечания Экз. с наклейкой Б-ки 1-го Кадет. корп. и штампом Лен. Воен. б-ки
686 ## - ИНДЕКСЫ ДРУГИХ КЛАССИФИКАЦИЙ
Индекс Д1
Код системы
700 #1 - ИМЯ ЛИЦА - ПЕРВИЧНАЯ ОТВЕТСТВЕННОСТЬ
Начальный элемент ввода Golovin
Часть имени, кроме начального элемента ввода M. E.
Даты 1756-1790
Расширение инициалов личного имени Michail Evsev'evič
Код отношения Автор
702 #1 - ИМЯ ЛИЦА - ВТОРИЧНАЯ ОТВЕТСТВЕННОСТЬ
Системный номер авторитетной/нормативной записи z01790
Начальный элемент ввода Komar
Часть имени, кроме начального элемента ввода S.
Расширение инициалов личного имени Stanisław
Код отношения Переводчик
790 #1 - ИМЯ ЛИЦА - АЛЬТЕРНАТИВНАЯ ФОРМА
Системный номер авторитетной/нормативной записи z01702
Начальный элемент ввода Komar
Часть имени, кроме начального элемента ввода S. de
Расширение инициалов личного имени Stanislas de
Код отношения Переводчик
801 #1 - ИСТОЧНИК ЗАПИСИ
Страна Российская Федерация
Организация NLR
Дата составления 20101217
801 #0 - ИСТОЧНИК ЗАПИСИ
Страна Российская Федерация
Организация NLR
Правила каталогизации PSBO
852 ## - МЕСТОНАХОЖДЕНИЕ И ШИФР ХРАНЕНИЯ
Идентификатор организации NLR
Шифр хранения (Call Number) Рэ ШК/G-628 О2
942 ## - ДОПОЛНИТЕЛЬНЫЕ ЭЛЕМЕНТЫ ЗАПИСИ (АБИС)
Тип экземпляра АБИС Книга
980 ## - КОЛЛЕКЦИЯ
Название коллекции Национальная библиография
Экземпляры
Тип экземпляра Дата поступления Библиотека постоянного хранения Библиотека текущего хранения Место хранения Шифр хранения Штрих-код Статус экземпляра
Книга 26.10.2013 РНБ (Московский) РНБ (Московский) Иностранный книжный фонд Рэ ШК/G-628 О2 9370748-10